Кн. 1: Общие вопросы. Методы разделения; Основы аналитической химии

Bibliografische gegevens
Parent link:Основы аналитической химии: учебник: в 2 кн./ Московский государственный университет им. М. В. Ломоносова; Под ред. Ю. А. Золотова. Кн. 1: Общие вопросы. Методы разделения.— 3-е изд., перераб. и доп..— , 2004.— 5-06-004735-0
Taal:Russisch
Gepubliceerd in: 2004
Onderwerpen:
Formaat: Boek
KOHA link:https://koha.lib.tpu.ru/cgi-bin/koha/opac-detail.pl?biblionumber=74416

MARC

LEADER 00000nam2a2200000 4500
001 74416
005 20231101212746.0
010 |a 5060047326 
035 |a (RuTPU)RU\TPU\book\79366 
090 |a 74416 
100 |a 20050304d2004 m y0rusy50 ca 
101 0 |a rus 
102 |a RU 
105 |a a j 001zy 
200 0 |a Кн. 1: Общие вопросы. Методы разделения 
210 |d 2004 
215 |a 359 с.  |c ил. 
320 |a Библиогр.: с. 351-352. 
320 |a Предметный указатель: с. 353-356. 
461 1 |0 (RuTPU)RU\TPU\book\79636  |y 5-06-004735-0  |t Основы аналитической химии  |o учебник: в 2 кн.  |f Московский государственный университет им. М. В. Ломоносова; Под ред. Ю. А. Золотова  |v Кн. 1: Общие вопросы. Методы разделения  |e 3-е изд., перераб. и доп.  |d 2004  |s Классический университетский учебник 
606 1 |a Аналитическая химия  |2 stltpush  |3 (RuTPU)RU\TPU\subj\67454  |9 83247 
610 1 |a метрологические основы 
610 1 |a анализ 
610 1 |a пробы 
610 1 |a подготовка 
610 1 |a химическое равновесие 
610 1 |a химические реакции 
610 1 |a типы 
610 1 |a маскирование 
610 1 |a разделение 
610 1 |a концентрирование 
610 1 |a хроматографические методы 
610 1 |a учебники 
675 |a 543(075.8)  |v 3 
801 1 |a RU  |b 63413507  |c 20050304  |g PSBO 
801 2 |a RU  |b 63413507  |c 20210630  |g PSBO 
900 |a Аналитическая химия 
942 |c BK 
952 |a 510500  |b 250000 
959 |a 36/20090313  |d 20  |e 206,80  |f УФ:20